[Event "Moscow Aeroflot op-A"]
[Site "Moscow"]
[Date "2024.03.04"]
[Round "4"]
[White "Saydaliev, Saidakbar"]
[Black "Kulaev, Maxim"]
[Result "0-1"]
[WhiteElo "2445"]
[BlackElo "2322"]
[PlyCount "154"]
[EventDate "2024.03.03"]
[EventType "swiss"]
[EventRounds "9"]
[EventCountry "RUS"]
[SourceTitle "CB11_2024"]
[SourceDate "2024.03.13"]
[SourceVersion "1"]
[SourceVersionDate "2024.03.13"]
[SourceQuality "1"]

1. d4 d5 2. c4 e6 3. Nc3 a6 4. cxd5 exd5 5. Nf3 Nf6 6. Bg5 Be6 7. e3 Nbd7 8. Bd3 Bd6 9. Qc2 c6 10. Bh4 h6 11. 0-0 0-0 12. Kh1 Re8 13. Nd2 Be7 14. Rad1 Rc8 15. a3 Qb6 16. Nb3 Qa7 17. Rfe1 Kh8 18. f3 b6 19. Bf5 c5 20. Bxe6 fxe6 21. Bf2 c4 22. Nd2 b5 23. e4 Qb7 24. Ne2 Nf8 25. e5 N6h7 26. f4 a5 27. Nf3 b4 28. axb4 axb4 29. g4 b3 30. Qb1 Bb4 31. Rf1 Qa6 32. f5 Rc7 33. Be3 Qa2 34. Bd2 Qxb1 35. Rxb1 Bxd2 36. Nxd2 Ra7 37. Nf4 Ra2 38. h4 exf5 39. gxf5 Nd7 40. Nxd5 Nxe5 41. Rfe1 Ra5 42. Nf4 Rd8 43. Rxe5 Rxe5 44. Ng6+ Kg8 45. Nxe5 Rxd4 46. Ndf3 Rf4 47. Rc1 Rxf5 48. Rxc4 Nf6 49. Rb4 Nd7 50. Nxd7 Rxf3 51. Rb8+ Kh7 52. Nf8+ Kg8 53. Ng6+ Kh7 54. Nf8+ Kg8 55. Ne6+ Kh7 56. h5 Rh3+ 57. Kg2 Rxh5 58. Rxb3 Re5 59. Nf4 Re7 60. Rb6 Kg8 61. Kg3 Kf7 62. b4 Ke8 63. Rb8+ Kf7 64. b5 g5 65. Nd5 Rd7 66. b6 Ke6 67. Nb4 Kd6 68. Rc8 Rb7 69. Rc6+ Ke5 70. Rxh6 Kd4 71. Rc6 Re7 72. Kg4 Re4+ 73. Kxg5 Re5+ 74. Kf6 Rb5 75. Ke6 Rxb4 76. Kd6 Rb1 77. Kc7 Ke5 0-1

[Event "Moscow Aeroflot op-A"]
[Site "Moscow"]
[Date "2024.03.03"]
[Round "1"]
[White "Nazaretyan, Tigran"]
[Black "Saydaliev, Saidakbar"]
[Result "0-1"]
[WhiteElo "2316"]
[BlackElo "2445"]
[PlyCount "76"]
[EventDate "2024.03.03"]
[EventType "swiss"]
[EventRounds "9"]
[EventCountry "RUS"]
[SourceTitle "CB11_2024"]
[SourceDate "2024.03.13"]
[SourceVersion "1"]
[SourceVersionDate "2024.03.13"]
[SourceQuality "1"]

1. d4 Nf6 2. c4 e6 3. Nf3 d5 4. e3 a6 5. b3 b6 6. Bd3 Bb7 7. 0-0 Bd6 8. Bb2 0-0 9. Nbd2 Nbd7 10. Qc2 c5 11. Rac1 Rc8 12. Qb1 cxd4 13. exd4 dxc4 14. bxc4 Bf4 15. Rcd1 Qc7 16. Rfe1 Rfe8 17. Ne5 h6 18. h3 Nxe5 19. dxe5 Nd7 20. Ne4 Nxe5 21. Bxe5 Bxe5 22. c5 Red8 23. cxb6 Qb8 24. a4 Bd4 25. Bf1 a5 26. Rd3 Bc6 27. Rb3 Bxa4 28. Ra3 Bc2 29. Qb5 Bxb6 30. Rf3 Rd5 31. Qa6 Re5 32. Bd3 Bxd3 33. Qxd3 f5 34. Nf6+ Kh8 35. Rb1 Rec5 36. Qd2 Rc2 37. Qe1 gxf6 38. Kh1 Qd6 0-1

[Event "Titled Tuesday intern op 13th Feb Early"]
[Site "Chess.com INT"]
[Date "2024.02.13"]
[Round "3"]
[White "Morales Garcia, Sergio Joshafatt"]
[Black "Saydaliev, Saidakbar"]
[Result "0-1"]
[WhiteElo "2249"]
[BlackElo "2445"]
[PlyCount "70"]
[EventDate "2024.02.13"]
[EventType "swiss (blitz)"]
[EventRounds "11"]
[EventCountry "USA"]
[SourceTitle "CB08_2024"]
[SourceDate "2024.02.21"]
[SourceVersion "1"]
[SourceVersionDate "2024.02.21"]
[SourceQuality "1"]

1. d4 Nf6 2. c4 e6 3. Nf3 d5 4. Nc3 Bb4 5. Bg5 h6 6. Bxf6 Qxf6 7. Qb3 Nc6 8. e3 Rf8 9. cxd5 exd5 10. Bb5 Bd7 11. 0-0 Bxc3 12. Qxc3 0-0-0 13. Rac1 Qd6 14. Rc2 Nb8 15. Rfc1 c6 16. a4 g5 17. b4 g4 18. Ne5 f6 19. Ng6 Rh8 20. Nxh8 Rxh8 21. Bd3 h5 22. e4 dxe4 23. Bxe4 f5 24. d5 Re8 25. dxc6 bxc6 26. Bxc6 Nxc6 27. b5 f4 28. bxc6 Bf5 29. Rd2 Qe6 30. Rdd1 h4 31. Qb4 Re7 32. Rd6 Qe5 33. Rh6 g3 34. hxg3 hxg3 35. Qc3 Qxc3 0-1

[Event "Titled Tuesday intern op 13th Feb Early"]
[Site "Chess.com INT"]
[Date "2024.02.13"]
[Round "4"]
[White "Saydaliev, Saidakbar"]
[Black "Asylov, Miras"]
[Result "1-0"]
[WhiteElo "2445"]
[BlackElo "2176"]
[PlyCount "61"]
[EventDate "2024.02.13"]
[EventType "swiss (blitz)"]
[EventRounds "11"]
[EventCountry "USA"]
[SourceTitle "CB08_2024"]
[SourceDate "2024.02.21"]
[SourceVersion "1"]
[SourceVersionDate "2024.02.21"]
[SourceQuality "1"]

1. Nf3 Nf6 2. c4 g6 3. b3 Bg7 4. Bb2 b6 5. g3 Bb7 6. Bg2 0-0 7. 0-0 c5 8. Nc3 d5 9. e3 dxc4 10. bxc4 Nc6 11. Qe2 Rc8 12. d3 a6 13. Rfd1 Na7 14. Rab1 b5 15. a3 Qc7 16. Ba1 Bc6 17. Nd2 Rfd8 18. Bxc6 Qxc6 19. Nb3 h5 20. cxb5 axb5 21. d4 c4 22. Nc5 h4 23. f3 hxg3 24. hxg3 Nh5 25. Kg2 e5 26. N3e4 exd4 27. exd4 Re8 28. d5 Qb6 29. Bxg7 Nxg7 30. Qb2 Kf8 31. Nd7+ 1-0

[Event "Titled Tuesday intern op 06th Feb Early"]
[Site "Chess.com INT"]
[Date "2024.02.06"]
[Round "7"]
[White "Harsha, Bharathakoti"]
[Black "Saydaliev, Saidakbar"]
[Result "1-0"]
[WhiteElo "2562"]
[BlackElo "2445"]
[PlyCount "57"]
[EventDate "2024.02.06"]
[EventType "swiss (blitz)"]
[EventRounds "11"]
[EventCountry "USA"]
[SourceTitle "CB07_2024"]
[SourceDate "2024.02.14"]
[SourceVersion "1"]
[SourceVersionDate "2024.02.14"]
[SourceQuality "1"]

1. Nf3 Nf6 2. c4 e6 3. Nc3 d5 4. e3 Bd6 5. b3 0-0 6. Bb2 Nc6 7. cxd5 exd5 8. Ne2 Re8 9. a3 Bg4 10. Ng3 d4 11. Bb5 dxe3 12. dxe3 h5 13. Qc2 h4 14. Nxh4 Be5 15. 0-0 Bxb2 16. Qxb2 Qd5 17. Be2 Qg5 18. Nf3 Bxf3 19. Bxf3 Ne5 20. Bxb7 Rab8 21. f4 Qh4 22. Nf5 Qh5 23. fxe5 Ng4 24. h3 Nxe5 25. Be4 g6 26. Nd4 Qg5 27. Rae1 c5 28. Nc6 Nc4 29. Qf2 1-0

[Event "Titled Tuesday intern op 06th Feb Early"]
[Site "Chess.com INT"]
[Date "2024.02.06"]
[Round "4"]
[White "Rodriguez Fontecha, Marcos"]
[Black "Saydaliev, Saidakbar"]
[Result "0-1"]
[WhiteElo "2289"]
[BlackElo "2445"]
[PlyCount "88"]
[EventDate "2024.02.06"]
[EventType "swiss (blitz)"]
[EventRounds "11"]
[EventCountry "USA"]
[SourceTitle "CB07_2024"]
[SourceDate "2024.02.14"]
[SourceVersion "1"]
[SourceVersionDate "2024.02.14"]
[SourceQuality "1"]

1. Nf3 Nf6 2. d4 d5 3. c3 c5 4. dxc5 a5 5. e3 Bg4 6. b4 e6 7. Bb5+ Nbd7 8. h3 Bh5 9. 0-0 Be7 10. a4 0-0 11. Bb2 Ne4 12. Nbd2 Nxd2 13. Qxd2 Bxf3 14. gxf3 Ne5 15. Qe2 b6 16. f4 Ng6 17. cxb6 Qxb6 18. Ba3 Rfc8 19. Rfc1 Bf6 20. Qd3 Nh4 21. Rab1 e5 22. bxa5 Qe6 23. f5 Nxf5 24. Rb4 e4 25. Qe2 Bxc3 26. Rbb1 Bxa5 27. Qg4 Bd2 28. Rd1 Rc2 29. Rb2 Rac8 30. Rxd2 Rc1+ 31. Kg2 h5 32. Qg5 Qe5 33. Ra2 Rb1 34. Rac2 Rf8 35. Rc1 Rxc1 36. Bxc1 f6 37. Qf4 Qe6 38. Ba3 g5 39. Qc7 Nh4+ 40. Kg3 Rf7 41. Qd8+ Kg7 42. Qe8 Qf5 43. Qd8 Qf3+ 44. Kh2 Qg2# 0-1

[Event "Titled Tuesday intern op 06th Feb Early"]
[Site "Chess.com INT"]
[Date "2024.02.06"]
[Round "8"]
[White "Saydaliev, Saidakbar"]
[Black "Sreyas, Payyappat"]
[Result "1-0"]
[WhiteElo "2445"]
[BlackElo "2080"]
[PlyCount "70"]
[EventDate "2024.02.06"]
[EventType "swiss (blitz)"]
[EventRounds "11"]
[EventCountry "USA"]
[SourceTitle "CB07_2024"]
[SourceDate "2024.02.14"]
[SourceVersion "1"]
[SourceVersionDate "2024.02.14"]
[SourceQuality "1"]

1. d4 Nf6 2. c4 c5 3. d5 e6 4. Nc3 exd5 5. cxd5 d6 6. e4 g6 7. f4 Bg7 8. Bb5+ Nfd7 9. Nf3 0-0 10. a4 Na6 11. 0-0 Nb4 12. Re1 a6 13. Bf1 f5 14. e5 Re8 15. e6 Nf6 16. a5 b5 17. axb6 Qxb6 18. Nd2 Nfxd5 19. Nxd5 Nxd5 20. Nc4 Qc6 21. Na5 Qb6 22. Qxd5 Qb4 23. Be3 Bxe6 24. Qxd6 Bxb2 25. Nc6 Qc3 26. Bd2 Qf6 27. Rxa6 Rxa6 28. Bxa6 Bd4+ 29. Nxd4 Qxd4+ 30. Qxd4 cxd4 31. Rxe6 Rxe6 32. Bc4 Kf7 33. Kf2 Kf6 34. Bxe6 Kxe6 35. Ke2 Kd5 1-0

[Event "Tashkent Schev 01"]
[Site "Tashkent"]
[Date "2024.01.29"]
[Round "10.5"]
[White "Novik, Maxim"]
[Black "Saydaliev, Saidakbar"]
[Result "1/2-1/2"]
[WhiteElo "2399"]
[BlackElo "2445"]
[PlyCount "152"]
[EventDate "2024.01.23"]
[EventType "schev"]
[EventRounds "10"]
[EventCountry "UZB"]
[SourceTitle "CB05_2024"]
[SourceDate "2024.01.31"]
[SourceVersion "1"]
[SourceVersionDate "2024.01.31"]
[SourceQuality "1"]
[WhiteTeam "World"]
[BlackTeam "Uzbekistan"]
[BlackTeamCountry "UZB"]

1. e4 e5 2. Nf3 Nc6 3. Bc4 Nf6 4. d3 Bc5 5. Nc3 a6 6. Be3 d6 7. 0-0 Bxe3 8. fxe3 Na5 9. Bb3 0-0 10. Qe1 c6 11. Ne2 b5 12. Ng3 Nxb3 13. axb3 g6 14. b4 Re8 15. h3 Ra7 16. Qc3 Rc7 17. Rf2 h6 18. Raf1 Nh7 19. Kh2 Ng5 20. Nd2 Be6 21. Nf3 h5 22. Ne2 Nxf3+ 23. Rxf3 h4 24. Qe1 Qg5 25. Qf2 f5 26. Nc3 Rf8 27. g4 hxg3+ 28. Rxg3 Qh5 29. Qg2 Kh7 30. exf5 gxf5 31. Ne4 Kh8 32. Nxd6 f4 33. Rg6 Rh7 34. Rxe6 Rg8 35. Qf3 Rg3 36. Qxh5 Rxh5 37. Nf7+ Kg7 38. Ng5 Rhxg5 39. exf4 exf4 40. Rf2 f3 41. h4 Rg2+ 42. Rxg2 Rxg2+ 43. Kh3 Rxc2 44. Kg3 f2 45. Kg2 Kf7 46. Rh6 Ke7 47. h5 Kd7 48. Rh8 Ke7 49. h6 Kf7 50. h7 Kg7 51. Rf8 Kxh7 52. Rxf2 Rc1 53. Kf3 Rh1 54. Ke4 Rh4+ 55. Rf4 Rh2 56. Kd4 Rxb2 57. Kc5 Rc2+ 58. Kb6 Rc3 59. Rd4 Kg7 60. Rd6 Kf7 61. Rxc6 Ra3 62. d4 Ke7 63. Kc5 Rc3+ 64. Kd5 Rb3 65. Rxa6 Rxb4 66. Ke5 Ra4 67. Rb6 Kd7 68. Rxb5 Ra6 69. Rb7+ Kd8 70. Rh7 Rb6 71. Kd5 Rg6 72. Kc5 Rf6 73. Rh5 Kd7 74. d5 Rg6 75. Rh7+ Kd8 76. d6 Rg1 1/2-1/2

[Event "Tashkent Schev 01"]
[Site "Tashkent"]
[Date "2024.01.28"]
[Round "9.5"]
[White "Saydaliev, Saidakbar"]
[Black "Volodin, Aleksandr"]
[Result "0-1"]
[WhiteElo "2445"]
[BlackElo "2459"]
[PlyCount "118"]
[EventDate "2024.01.23"]
[EventType "schev"]
[EventRounds "10"]
[EventCountry "UZB"]
[SourceTitle "CB05_2024"]
[SourceDate "2024.01.31"]
[SourceVersion "1"]
[SourceVersionDate "2024.01.31"]
[SourceQuality "1"]
[WhiteTeam "Uzbekistan"]
[BlackTeam "World"]
[WhiteTeamCountry "UZB"]

1. e4 c5 2. Nf3 d6 3. d4 cxd4 4. Nxd4 Nf6 5. Nc3 a6 6. Be3 e5 7. Nb3 Be6 8. f3 Be7 9. Qd2 0-0 10. g4 d5 11. g5 d4 12. gxf6 Bxf6 13. 0-0-0 dxe3 14. Qg2 Qb6 15. Nd5 Bxd5 16. exd5 Rd8 17. Bd3 Nd7 18. h4 a5 19. a4 Qb4 20. Qg4 Nb6 21. Qf5 e4 22. Qxe4 Bxb2+ 23. Kb1 Bf6 24. d6 Qxe4 25. Bxe4 Nxa4 26. Rd3 e2 27. Kc1 Bc3 28. Bxb7 e1Q+ 29. Rxe1 Bxe1 30. Bxa8 Rxa8 31. d7 Bxh4 32. Rd4 Nb6 33. Rxh4 Nxd7 34. Rd4 Ne5 35. f4 Nc6 36. Rc4 Ne7 37. Ra4 h5 38. Kd2 Nd5 39. f5 Nb6 40. Rh4 a4 41. Nc1 a3 42. Na2 g6 43. Kc3 Nd5+ 44. Kb3 Ne3 45. fxg6 fxg6 46. c4 Nf5 47. Rh2 Kg7 48. c5 h4 49. Nc3 g5 50. Rg2 Kh6 51. Ka2 Rc8 52. Ne4 Ng3 53. Nxg3 hxg3 54. Kxa3 Rxc5 55. Kb4 Rc8 56. Rxg3 Kh5 57. Rh3+ Kg4 58. Rh1 Kf3 59. Rf1+ Kg3 0-1

[Event "Tashkent Schev 01"]
[Site "Tashkent"]
[Date "2024.01.27"]
[Round "7.5"]
[White "Saydaliev, Saidakbar"]
[Black "Goganov, Aleksey"]
[Result "1-0"]
[WhiteElo "2445"]
[BlackElo "2501"]
[PlyCount "83"]
[EventDate "2024.01.23"]
[EventType "schev"]
[EventRounds "10"]
[EventCountry "UZB"]
[SourceTitle "CB05_2024"]
[SourceDate "2024.01.31"]
[SourceVersion "1"]
[SourceVersionDate "2024.01.31"]
[SourceQuality "1"]
[WhiteTeam "Uzbekistan"]
[BlackTeam "World"]
[WhiteTeamCountry "UZB"]

1. d4 Nf6 2. c4 e6 3. Nc3 Bb4 4. Qc2 d5 5. cxd5 exd5 6. Bg5 h6 7. Bh4 Be6 8. e3 Nbd7 9. Bd3 c5 10. Nge2 0-0 11. a3 Bxc3+ 12. Qxc3 Rc8 13. 0-0 Ne4 14. Bxd8 Nxc3 15. bxc3 Rfxd8 16. Rfb1 Rc7 17. f3 Nb6 18. a4 cxd4 19. cxd4 Nc8 20. Kf2 Nd6 21. g4 g5 22. h4 f5 23. hxg5 hxg5 24. gxf5 Bxf5 25. Bxf5 Nxf5 26. Rg1 Rg7 27. Ng3 Nxg3 28. Rxg3 Kf7 29. Rc1 Kf6 30. Rh3 Rdd7 31. Rc5 Rg6 32. Rh8 Kg7 33. Re8 b6 34. Rcc8 a6 35. Rg8+ Kh6 36. Rxg6+ Kxg6 37. Rc6+ Kh5 38. Rxb6 Rf7 39. Rd6 g4 40. f4 Re7 41. Rxd5+ Kh4 42. Rd8 1-0

[Event "Titled Tuesday intern op 16th Jan Early"]
[Site "Chess.com INT"]
[Date "2024.01.16"]
[Round "5"]
[White "Kochiev, Ivan"]
[Black "Saydaliev, Saidakbar"]
[Result "0-1"]
[WhiteElo "2051"]
[BlackElo "2445"]
[PlyCount "72"]
[EventDate "2024.01.16"]
[EventType "swiss (blitz)"]
[EventRounds "11"]
[EventCountry "USA"]
[SourceTitle "CB04_2024"]
[SourceDate "2023.10.16"]
[SourceVersion "1"]
[SourceVersionDate "2023.10.16"]
[SourceQuality "1"]

1. e4 c5 2. Nf3 d6 3. d4 cxd4 4. Nxd4 Nf6 5. f3 e5 6. Nb3 Be6 7. c4 b5 8. cxb5 d5 9. exd5 Nxd5 10. Nc3 Bb4 11. Bd2 0-0 12. Nxd5 Bxd5 13. Bxb4 Qh4+ 14. Ke2 Bc4+ 15. Ke3 Rd8 16. Qxd8+ Qxd8 17. Bxc4 Nd7 18. Rhd1 Qg5+ 19. Kd3 Nb6 20. Nc5 Qxg2 21. Kc3 Rc8 22. Bb3 h5 23. a4 Qf2 24. a5 Rxc5+ 25. Bxc5 Qxc5+ 26. Kd2 Qb4+ 27. Kc2 Nc4 28. Bxc4 Qxc4+ 29. Kb1 Qxb5 30. Ra3 h4 31. Rd8+ Kh7 32. Rd2 Qf1+ 33. Ka2 h3 34. Rd7 f5 35. Rdd3 f4 36. Rd5 Qc4+ 0-1

[Event "Titled Tuesday intern op 16th Jan Early"]
[Site "Chess.com INT"]
[Date "2024.01.16"]
[Round "4"]
[White "Saydaliev, Saidakbar"]
[Black "Shimanov, Aleksandr"]
[Result "0-1"]
[WhiteElo "2445"]
[BlackElo "2578"]
[PlyCount "46"]
[EventDate "2024.01.16"]
[EventType "swiss (blitz)"]
[EventRounds "11"]
[EventCountry "USA"]
[SourceTitle "CB04_2024"]
[SourceDate "2023.10.16"]
[SourceVersion "1"]
[SourceVersionDate "2023.10.16"]
[SourceQuality "1"]

1. e4 e6 2. d4 d5 3. Nd2 c5 4. exd5 Qxd5 5. Ngf3 cxd4 6. Bc4 Qd6 7. 0-0 Nf6 8. Nb3 Nc6 9. Re1 Be7 10. Nbxd4 Nxd4 11. Nxd4 0-0 12. c3 Bd7 13. Qf3 Qc7 14. Bb3 Rfe8 15. Bf4 Qb6 16. Be5 a5 17. Qh3 a4 18. Bc2 g6 19. Re3 Qxb2 20. Rb1 Qxa2 21. Rf3 Qd5 22. Bxf6 e5 23. Qxh7+ Kxh7 0-1

[Event "Titled Tuesday intern op 16th Jan Early"]
[Site "Chess.com INT"]
[Date "2024.01.16"]
[Round "1"]
[White "Saydaliev, Saidakbar"]
[Black "Soham, Kamotra"]
[Result "1-0"]
[WhiteElo "2445"]
[BlackElo "2348"]
[PlyCount "97"]
[EventDate "2024.01.16"]
[EventType "swiss (blitz)"]
[EventRounds "11"]
[EventCountry "USA"]
[SourceTitle "CB04_2024"]
[SourceDate "2023.10.16"]
[SourceVersion "1"]
[SourceVersionDate "2023.10.16"]
[SourceQuality "1"]

1. Nf3 Nf6 2. c4 b6 3. g3 Bb7 4. Bg2 c5 5. b3 e6 6. Bb2 d6 7. 0-0 Nbd7 8. e3 Be7 9. d3 0-0 10. Nc3 a6 11. Qe2 Rc8 12. Rfd1 Rc7 13. a4 Bc6 14. d4 cxd4 15. exd4 Re8 16. a5 bxa5 17. Rxa5 Rb7 18. Rxa6 Bxf3 19. Bxf3 Rxb3 20. Nb5 Nb6 21. Bc6 Rf8 22. Ba3 Nfd7 23. c5 dxc5 24. dxc5 Nd5 25. Bxd5 exd5 26. Rxd5 Qc8 27. Na7 Rb1+ 28. Kg2 Qa8 29. c6 Nf6 30. Rda5 Bxa3 31. Rxa3 Qd8 32. Qf3 Nd5 33. Rd3 Nf4+ 34. gxf4 Qe7 35. Ra5 Qe1 36. Kh3 Qxa5 37. Rd7 Qf5+ 38. Qg4 Rb3+ 39. Kh4 Qf6+ 40. Qg5 Qc3 41. Qg3 Qc4 42. Qg4 Rb4 43. c7 Rb7 44. c8Q Rxc8 45. Rxb7 Re8 46. f5 Qd5 47. f6 g5+ 48. Qxg5+ Qxg5+ 49. Kxg5 1-0

[Event "Titled Tuesday intern op 09th Jan Early"]
[Site "Chess.com INT"]
[Date "2024.01.09"]
[Round "2"]
[White "Kashtanov, Ruslan"]
[Black "Saydaliev, Saidakbar"]
[Result "0-1"]
[WhiteElo "2357"]
[BlackElo "2445"]
[PlyCount "102"]
[EventDate "2024.01.09"]
[EventType "swiss (blitz)"]
[EventRounds "11"]
[EventCountry "USA"]
[SourceTitle "CB03_2024"]
[SourceDate "2024.01.17"]
[SourceVersion "1"]
[SourceVersionDate "2024.01.17"]
[SourceQuality "1"]

1. e4 c5 2. Nf3 d6 3. d4 cxd4 4. Nxd4 Nf6 5. Nc3 a6 6. Be2 e5 7. Nb3 Be7 8. g4 Be6 9. g5 Nfd7 10. h4 Nc6 11. Be3 Rc8 12. Rg1 Na5 13. Nd5 Nc4 14. Bxc4 Rxc4 15. Qd3 b5 16. 0-0-0 Rc6 17. Nxe7 Qxe7 18. Na5 Nc5 19. Bxc5 Rxc5 20. Qxd6 Qxd6 21. Rxd6 h6 22. Nb7 Rc8 23. Rxe6+ fxe6 24. Nd6+ Ke7 25. Nxc8+ Rxc8 26. gxh6 gxh6 27. Rg6 Rf8 28. Rxh6 Rxf2 29. a4 Rf4 30. Rh7+ Kd6 31. a5 Rxe4 32. Ra7 Rxh4 33. Rxa6+ Kd5 34. Rb6 e4 35. Rxb5+ Kd4 36. Rb4+ Ke3 37. Rb3+ Ke2 38. Kb1 Rh5 39. Ra3 Rh8 40. a6 e3 41. a7 Ra8 42. Ra6 e5 43. c3 Kd3 44. Rd6+ Ke4 45. Kc2 Rxa7 46. Rh6 Ra1 47. Rh4+ Kf3 48. Rh3+ Kf4 49. Rh4+ Kg3 50. Re4 Kf3 51. Rxe5 e2 0-1

[Event "Titled Tuesday intern op 09th Jan Early"]
[Site "Chess.com INT"]
[Date "2024.01.09"]
[Round "4"]
[White "Saydaliev, Saidakbar"]
[Black "Pinero Rodriguez, Carlos Jose"]
[Result "0-1"]
[WhiteElo "2445"]
[BlackElo "2242"]
[PlyCount "96"]
[EventDate "2024.01.09"]
[EventType "swiss (blitz)"]
[EventRounds "11"]
[EventCountry "USA"]
[SourceTitle "CB03_2024"]
[SourceDate "2024.01.17"]
[SourceVersion "1"]
[SourceVersionDate "2024.01.17"]
[SourceQuality "1"]

1. e3 c5 2. Nf3 Nf6 3. b3 b6 4. Bb2 Bb7 5. g3 e6 6. Bg2 Be7 7. 0-0 0-0 8. c4 d6 9. Nc3 Nbd7 10. d4 a6 11. Qe2 Qc7 12. Rfd1 Rad8 13. Rac1 Qb8 14. d5 exd5 15. cxd5 b5 16. e4 Rfe8 17. Qd3 Bf8 18. Re1 b4 19. Nb1 a5 20. Nbd2 Nb6 21. Nh4 Nfd7 22. Nf5 g6 23. Qe3 f6 24. Nh6+ Kg7 25. Qg5 Ne5 26. Qh4 Be7 27. f4 Nd3 28. Ba1 Nxc1 29. Ng4 Rf8 30. Rxc1 Nd7 31. Nf3 h5 32. Ne3 Rh8 33. Ng5 Nf8 34. f5 Bc8 35. Rf1 Bd7 36. Bh3 Qc8 37. Ne6+ Bxe6 38. fxe6 Nh7 39. Nf5+ gxf5 40. Rxf5 c4 41. bxc4 Qc5+ 42. Kh1 Qxc4 43. Qxh5 Qc1+ 44. Rf1 Qe3 45. Qf7+ Kh6 46. Bg2 Rde8 47. g4 Ng5 48. Rf5 Nxf7 0-1

[Event "Wch Blitz"]
[Site "Samarkand"]
[Date "2023.12.29"]
[Round "10"]
[White "Gharibyan, Mamikon"]
[Black "Saydaliev, Saidakbar"]
[Result "1-0"]
[WhiteElo "2504"]
[BlackElo "2426"]
[PlyCount "85"]
[EventDate "2023.12.29"]
[EventType "swiss (blitz)"]
[EventRounds "21"]
[EventCountry "UZB"]
[SourceTitle "CB01_2024"]
[SourceDate "2024.01.03"]
[SourceVersion "1"]
[SourceVersionDate "2024.01.03"]
[SourceQuality "1"]

1. e4 e5 2. Nf3 Nc6 3. Bb5 a6 4. Ba4 Nf6 5. d3 b5 6. Bb3 Bc5 7. c3 d6 8. Bg5 Rb8 9. Nbd2 h6 10. Bh4 Bb6 11. a4 Bb7 12. axb5 axb5 13. Nf1 g5 14. Bg3 Ne7 15. Ne3 0-0 16. h4 g4 17. Ng5 Qd7 18. d4 exd4 19. cxd4 hxg5 20. hxg5 Nxe4 21. Nxg4 Ng6 22. Qf3 Kg7 23. Nf6 Nxg5 24. Nh5+ Kg8 25. Qf6 Qe7+ 26. Kf1 Qxf6 27. Nxf6+ Kg7 28. Nh5+ Kg8 29. Nf6+ Kg7 30. Nh5+ Kh6 31. Nf6+ Nh4 32. Rxh4+ Kg6 33. Nd7 f5 34. Nxb6 cxb6 35. Bxd6 Rh8 36. Rxh8 Rxh8 37. Kg1 Nf3+ 38. gxf3 Bxf3 39. Bh2 f4 40. Bd1 Be4 41. f3 Bd5 42. Bxf4 Kf5 43. Be5 1-0

[Event "Wch Blitz"]
[Site "Samarkand"]
[Date "2023.12.29"]
[Round "5"]
[White "Saydaliev, Saidakbar"]
[Black "Xu, Xiangyu"]
[Result "1-0"]
[WhiteElo "2426"]
[BlackElo "2623"]
[PlyCount "73"]
[EventDate "2023.12.29"]
[EventType "swiss (blitz)"]
[EventRounds "21"]
[EventCountry "UZB"]
[SourceTitle "CB01_2024"]
[SourceDate "2024.01.03"]
[SourceVersion "1"]
[SourceVersionDate "2024.01.03"]
[SourceQuality "1"]

1. e4 c5 2. Nf3 d6 3. d4 cxd4 4. Nxd4 Nf6 5. Nc3 Bd7 6. f3 e5 7. Nb3 Be7 8. Be3 0-0 9. Qd2 a5 10. a4 Na6 11. Bb5 Nb4 12. Bxd7 Qxd7 13. Nd5 Nfxd5 14. exd5 b5 15. c3 bxa4 16. Nc1 Na6 17. 0-0 Rab8 18. Qc2 Qb5 19. Qxa4 Qxb2 20. Qxa5 Nc5 21. Bxc5 dxc5 22. Nd3 Qd2 23. Rad1 Qg5 24. Qc7 c4 25. Nf2 Rbc8 26. Qb7 Bc5 27. d6 Rcd8 28. d7 Qe3 29. Qc6 Ba7 30. Qxc4 Kh8 31. Kh1 f5 32. Qa4 Bb6 33. c4 Bd4 34. Nd3 Rf7 35. Rfe1 Qg5 36. Nxe5 Re7 37. Rxd4 1-0

[Event "Wch Rapid"]
[Site "Samarkand"]
[Date "2023.12.28"]
[Round "13"]
[White "Zeng, Chongsheng"]
[Black "Saydaliev, Saidakbar"]
[Result "1-0"]
[WhiteElo "2577"]
[BlackElo "2426"]
[PlyCount "163"]
[EventDate "2023.12.26"]
[EventType "swiss (rapid)"]
[EventRounds "13"]
[EventCountry "UZB"]
[SourceTitle "CB01_2024"]
[SourceDate "2024.01.03"]
[SourceVersion "1"]
[SourceVersionDate "2024.01.03"]
[SourceQuality "1"]

1. e4 e5 2. Nf3 Nc6 3. Bc4 Nf6 4. Ng5 d5 5. exd5 Na5 6. d3 Be7 7. d6 Qxd6 8. Bxf7+ Kf8 9. Nc3 Qc6 10. 0-0 Bg4 11. f3 Bf5 12. Bb3 Nxb3 13. axb3 h6 14. Nge4 Kg8 15. Be3 b6 16. Qe1 Kh7 17. Qg3 Qe6 18. Rae1 Nh5 19. Qf2 Rhf8 20. Nd2 Qc6 21. Nc4 Bd6 22. Qh4 Bg6 23. b4 a6 24. Ra1 Nf4 25. Rxa6 Rxa6 26. b5 Qa8 27. bxa6 Qxa6 28. Nxd6 cxd6 29. Qe7 Rf6 30. Bxf4 exf4 31. Nd5 Rf5 32. Qxd6 Qb5 33. Nxf4 Bf7 34. b3 Qa5 35. b4 Qa4 36. Ne2 Rf6 37. Qc7 Qxb4 38. Ng3 Bg6 39. f4 Be8 40. Qe5 Bc6 41. Ne4 Rf8 42. Qd6 Qxd6 43. Nxd6 Ra8 44. Nc4 Ra2 45. Ne3 Kg6 46. Rb1 b5 47. Rb3 Kf7 48. Rc3 Bd7 49. Kf2 b4 50. Rb3 Ba4 51. Rxb4 Bxc2 52. Rb7+ Kf6 53. Rb6+ Kf7 54. Nxc2 Rxc2+ 55. Kf3 Rd2 56. Rd6 Ke7 57. Rd4 Ke6 58. h3 h5 59. g4 g6 60. Re4+ Kf6 61. g5+ Kf7 62. Re3 Rh2 63. Ke4 Ke6 64. f5+ gxf5+ 65. Kf4+ Kf7 66. Kxf5 Rf2+ 67. Ke5 h4 68. Re4 Kg6 69. Rxh4 Rf3 70. Ke4 Rg3 71. d4 Ra3 72. Ke5 Re3+ 73. Re4 Rxh3 74. d5 Kxg5 75. d6 Rh7 76. Ke6 Rh6+ 77. Kd5 Rh7 78. Re7 Rh1 79. Re2 Kg6 80. Ke6 Kg5 81. d7 Rh8 82. Kd6 1-0

[Event "Wch Rapid"]
[Site "Samarkand"]
[Date "2023.12.27"]
[Round "8"]
[White "Saydaliev, Saidakbar"]
[Black "Sanal, Vahap"]
[Result "0-1"]
[WhiteElo "2426"]
[BlackElo "2595"]
[PlyCount "76"]
[EventDate "2023.12.26"]
[EventType "swiss (rapid)"]
[EventRounds "13"]
[EventCountry "UZB"]
[SourceTitle "CB01_2024"]
[SourceDate "2024.01.03"]
[SourceVersion "1"]
[SourceVersionDate "2024.01.03"]
[SourceQuality "1"]

1. e4 d6 2. d4 Nf6 3. Nc3 e5 4. Nf3 Nbd7 5. Bc4 Be7 6. 0-0 0-0 7. Re1 c6 8. a4 h6 9. h3 Re8 10. b3 exd4 11. Nxd4 Ne5 12. Bf1 Bf8 13. a5 Bd7 14. f4 Ng6 15. Bd3 b5 16. axb6 axb6 17. Rxa8 Qxa8 18. Nf3 Qa5 19. Bd2 Qc5+ 20. Kh1 b5 21. e5 dxe5 22. Bxg6 fxg6 23. fxe5 Nh5 24. Ne4 Qd5 25. g4 Nf6 26. Nc3 Nxg4 27. hxg4 Qf7 28. Re4 c5 29. Nd5 Qxd5 30. Qe2 Bc6 31. Re3 Qe6 32. Qg2 Rd8 33. Bc3 Be7 34. Kh2 b4 35. Bb2 Rf8 36. Qg3 Qd5 37. Kg2 Bh4 38. Qh3 Qd2+ 0-1